Prognózovanie finančného zdravia vybraného podniku

Detailná analýza a posúdenie finančnej situácie vybraného podniku v období rokov 2010-2014 využitím základných finančných ukazovateľov, ako aj predikčná analýza na základe aplikácie bonitných a bankrotných modelov.

Enregistré dans:
Détails bibliographiques
Auteur principal: Sabolová, Martina
Autres auteurs: Hudáková, Jana
Format: Chapitre de livre
Langue:slovaque
Sujets:
Tags: Ajouter un tag
Pas de tags, Soyez le premier à ajouter un tag!

MARC

LEADER 00000nla a2200000 4500
001 0225329
005 20240502073708.3
041 0 |a slo 
044 |a SK 
245 1 0 |a Prognózovanie finančného zdravia vybraného podniku  |c Martina Sabolová, Jana Hudáková 
520 |a Detailná analýza a posúdenie finančnej situácie vybraného podniku v období rokov 2010-2014 využitím základných finančných ukazovateľov, ako aj predikčná analýza na základe aplikácie bonitných a bankrotných modelov. 
610 2 0 |a podnik 
610 2 0 |a analýza finančná 
610 2 0 |a modely prognostické 
610 2 0 |a bankrot 
610 2 0 |a metódy matematicko-štatistické 
610 2 0 |a zdravie podniku finančné 
100 1 |a Sabolová, Martina 
700 1 |a Hudáková, Jana